Lingue d'Italia A-Z - Statistics

Statistiche generali
  • Questo quiz è stato fatto 58 volte
  • Il punteggio medio è 11 su 18
Statistiche sulle risposte
Lettera Indizio Lingua % Corretto
I Lingua ufficiale della Repubblica Italiana, tra le più importanti lingue di cultura al mondo. Italiano
88%
N Lingua romanza diffusa in quasi tutta l'Italia meridionale. Napoletano
79%
S Lingua, divisa in due gruppi di dialetti, parlata in Sardegna e molto differente da tutte le altre lingue romanze. Sardo
79%
L Lingua retoromanza parlata in alcune valli delle Dolomiti tra Veneto e Trentino-Alto Adige. Ladino
75%
P Lingua gallo-romanza parlata in Italia nord-occidentale, quasi esclusivamente entro i confini dell'omonima regione. Piemontese
75%
A Una variante di questa lingua è parlata dalla minoranza arbëreshe, diffusa in tutto il Meridione e in Sicilia. Albanese
69%
V Lingua parlata nell'Italia nord-orientale e, fino alla seconda guerra mondiale, anche sulla costa balcanica dell'Adriatico. Veneto
67%
G Due dialetti di questa antica lingua indoeuropea sono parlati da una ristretta minoranza localizzata nelle province di Lecce, Reggio Calabria e Messina. Greco
65%
F Lingua retoromanza parlata in Italia nord-orientale. Friulano
63%
R Lingua gallo-romanza diffusa tra Marche ed Emilia-Romagna, nella Repubblica di San Marino e in alcuni comuni della Toscana. Romagnolo
63%
O Lingua romanza parlata principalmente nella Francia meridionale, ma anche in alcune valli del Piemonte e nel comune calabrese di Guardia Piemontese. Occitano
60%
T Importante lingua germanica molto parlata in Europa centrale: in Italia settentrionale esistono diverse minoranze. Tedesco
56%
U Antica lingua parlata in Italia centrale prima della diffusione del Latino. Umbro
50%
E Lingua gallo-romanza parlata tra il Po, a nord, e gli Appennini, a sud. Emiliano
46%
B Variante dell'Alto Tedesco parlata nella Germania meridionale, in Austria e in alcune aree dell'Italia settentrionale: la provincia di Bolzano e alcune isole linguistiche nelle province di Trento, Udine, Verona e Vicenza. Bavarese
44%
W Lingua germanica, molto affine al Tedesco svizzero arcaico, parlata in alcune comunità dell'arco alpino tra Italia, Svizzera, Austria e Liechtenstein. In Italia è diffusa in alcuni comuni del Piemonte e della Valle d'Aosta. Walser
31%
C Lingua germanica, ormai quasi estinta, parlata in alcuni comuni tra Veneto e Trentino, che conserva alcuni tratti molto antichi e non è pertanto intelligibile dai tedescofoni. Cimbro
27%
M Lingua germanica parlata nei quattro comuni di una valle della provincia di Trento a partire dal Medioevo, oggi in forte regressione. Mocheno
25%
Nessun quiz corrispondente trovato
Distribuzione punteggi
Percentuale di utenti per punteggio
Percentile per numero di risposta
I tuoi punteggi nel tempo
Non hai fatto questo quiz